Ρήξεις και συνέχειες : μελέτες για τον 19ο αιώνα
Αποθηκεύτηκε σε:
| Κύριος συγγραφέας: | |
|---|---|
| Μορφή: | Βιβλίο |
| Γλώσσα: | Greek |
| Δημοσίευση: |
Αθήνα :
Σοκόλης,
1993.
|
| Θέματα: | |
| Ετικέτες: |
Προσθήκη ετικέτας
Δεν υπάρχουν, Καταχωρήστε ετικέτα πρώτοι!
|
MARC
| LEADER | 00000cam a2200000 i 4500 | ||
|---|---|---|---|
| 001 | 1/3209 | ||
| 008 | 100115s1993 gr | ||| |||| ||gre|| | ||
| 020 | |a 9607210298 | ||
| 035 | |l 10106295 | ||
| 040 | |a GR-MyUa |b gre |e AACR2 | ||
| 041 | 0 | |a gre | |
| 082 | 7 | |a 889.07 |2 (22) | |
| 100 | 1 | |a Μουλλάς, Παναγιώτης, |d 1935-2010. | |
| 245 | 1 | 0 | |a Ρήξεις και συνέχειες : |b μελέτες για τον 19ο αιώνα / |c Παν. Μουλλάς. |
| 260 | |a Αθήνα : |b Σοκόλης, |c 1993. | ||
| 300 | |a 355 σ. ; |c 21 εκ. | ||
| 504 | |a Περιέχει βιβλιογραφικές παραπομπές και ευρετήριο. | ||
| 650 | 0 | |a Greek literature, Modern |y 19th century |x History and criticism. | |
| 852 | |a INST |b LESVOS |e 20100115 |h 889.07 ΜΟΥ |p 005100045966 |q 005100045966 |t BK |y 0 | ||
| 901 | |a BIBL1-2010-1 | ||
| 970 | |a ΚΑΡΑ |b ΓΙΑΣΕΜΗ |z 2010/01/15 | ||